|
|
|
|
| LEADER |
01161nam a2200337 a 4500 |
| 001 |
000029630 |
| 003 |
CZ BrMZK |
| 005 |
20241029155709.0 |
| 008 |
950313s1995 xr f 0 cze d |
| 020 |
|
|
|a 80-85341-47-6
|
| 040 |
|
|
|a BOA001
|b cze
|
| 045 |
|
|
|a x-x-
|
| 072 |
|
7 |
|a 32
|x Politika
|2 Konspekt
|9 15
|
| 080 |
|
|
|a 321.7
|2 MRF
|
| 080 |
|
|
|a (048.8)
|2 MRF
|
| 100 |
1 |
|
|a Vaněk, Jiří,
|d 1946 únor 19.-
|7 jk01141512
|4 aut
|
| 245 |
1 |
0 |
|a Hayekova obrana svobody /
|c Jiří Vaněk, Danica Slouková
|
| 250 |
|
|
|a Vyd. 1.
|
| 260 |
|
|
|a Praha :
|b Aleko,
|c 1995
|
| 300 |
|
|
|a 21 s. ;
|c 21 cm
|
| 600 |
1 |
7 |
|a Hayek, Friedrich A. von,
|d 1899-1992
|7 jn19990003268
|2 czenas
|
| 648 |
|
7 |
|a 20. století
|7 ch460558
|2 czenas
|
| 650 |
0 |
7 |
|a liberalismus
|7 ph115136
|y 20. století
|2 czenas
|
| 650 |
0 |
9 |
|a liberalism
|y 20th century
|2 eczenas
|
| 655 |
|
7 |
|a studie
|7 fd133597
|2 czenas
|
| 655 |
|
9 |
|a studies
|2 eczenas
|
| 700 |
1 |
|
|a Slouková, Danica,
|d 1951-
|7 jo20000080516
|4 aut
|
| 710 |
2 |
|
|a Centrum liberálních studií
|7 ko2003198429
|
| 910 |
|
|
|a BOA001
|b X-1010.332
|
| 990 |
|
|
|a BK
|
| 996 |
7 |
|
|b 2610023026
|c X-1010.332
|l MZK
|r Sklad / do 24 hodin
|n 12
|p p.v.
|w 000029630
|u 000010
|a 1
|e BOA001
|j MZK50
|s A
|